Mi visión de Europa 1956
Saved in:
| Hovedforfatter: | |
|---|---|
| Format: | Bog |
| Sprog: | spansk |
| Udgivet: |
Buenos Aires
Depalma
1993
|
| Serier: | Obras de Ismael Quiles, 24
|
| Fag: | |
| Tags: |
Tilføj Tag
Ingen Tags, Vær først til at tagge denne postø!
|
MARC
| LEADER | 00000nam a2200000 a 4500 | ||
|---|---|---|---|
| 001 | UCY7744 | ||
| 003 | CL-VaPUC | ||
| 008 | 950622e19930000AG |||||||||||||||||spa|d | ||
| 082 | 0 | 4 | |a 201 |b QUI |2 21 |
| 100 | 0 | |a Quiles, Ismael |e author |9 338499 | |
| 245 | 1 | 0 | |a Mi visión de Europa 1956 |
| 300 | |a 168 p | ||
| 942 | |c BK | ||
| 945 | |d 19950622 00:00:00 |a aalvarez | ||
| 260 | |a Buenos Aires |b Depalma |c 1993 | ||
| 650 | 7 | |a CULTURAS EUROPEAS |2 CL-VaPUC |9 338500 | |
| 651 | 0 | |a Europa |9 255156 | |
| 583 | |a last modification |c 19950622 00:00:00 |k Rodrigo Vera | ||
| 490 | 0 | |a Obras de Ismael Quiles, 24 | |
| 999 | |c 235065 |d 235063 | ||
| 952 | |0 0 |1 0 |4 0 |6 201_000000000000000_QUI_1993 |7 0 |8 A |9 242214 |a BIBTEO |b BIBTEO |d 2019-11-18 |i 3094200 |o 201 QUI 1993 |p 3094200 |r 2025-01-17 |w 2019-11-18 |y BK |k ICR | ||